000 00799nam a2200253Ia 4500
003 OSt
005 20220923220057.0
006 a|||||r|||| 00| 0
007 ta
008 220922b |||||||| |||| 00| 0 hin d
024 _a184,049
037 _cTextual
040 _aARTS
_cARTS
_bhin
041 _2hin
_ahin
082 _aO152,1NGU2x, N2
100 _aगुप्त, मृदुला
_9156318
245 0 _aमैं भेरवी हूँ
246 _aMaian bheravī hūँ
260 _aदिल्ली
_b मानक पब्लिकेशन
_c1992
300 _a76 पृ.
_ccm.
650 _aहिन्दी साहित्य
_9156264
942 _hO152,1NGU2x, N2
_cTEXL
_2CC
999 _c337348
_d337348